Képzési lehetőségek a kisvállalkozások számára Magyarországon
| Szerző: | |
|---|---|
| További közreműködők: | |
| Dokumentumtípus: | Diplomadolgozat |
| Kulcsszavak: | digitalizáció kis- és mikrovállalkozások lifelong learning önfejlesztés vállalkozói képzés vállalkozói kompetenciák |
| Online Access: | http://dolgozattar.uni-bge.hu/59643 |
MARC
| LEADER | 00000nta a2200000 i 4500 | ||
|---|---|---|---|
| 001 | dolg59643 | ||
| 005 | 20260409145345.0 | ||
| 008 | 260409suuuu hu om 000 hun d | ||
| 040 | |a BGE Dolgozattár Repozitórium |b hun | ||
| 041 | |a hu | ||
| 100 | 1 | |a Varga Bence | |
| 245 | 1 | 0 | |a Képzési lehetőségek a kisvállalkozások számára Magyarországon |c Varga Bence |h [elektronikus dokumentum] |
| 520 | 3 | |a A szakdolgozat a magyar mikro- és kisvállalkozások vezetőinek képzési és önfejlesztési lehetőségeit vizsgálja, különös tekintettel a formális és informális tanulási formák szerepére. A kutatás célja annak feltárása, hogy a képzések, az önképzés és a digitalizációhoz való hozzáállás milyen hatással van a vállalkozói kompetenciák fejlődésére. A dolgozat vegyes módszertannal készült: félig strukturált interjúk és online kérdőív segítségével tárta fel a vállalkozók motivációit, akadályait és tanulási szokásait. A kutatás eredményei rávilágítanak arra, hogy a vállalkozói sikerhez nemcsak üzleti ismeretekre, hanem személyes elhivatottságra, nyitottságra és folyamatos fejlődésre is szükség van. A dolgozat célja egyben gyakorlati iránymutatás nyújtása azok számára, akik vállalkozásindításon gondolkodnak, vagy fejleszteni kívánják saját vállalkozásukat. | |
| 695 | |a digitalizáció | ||
| 695 | |a kis- és mikrovállalkozások | ||
| 695 | |a lifelong learning | ||
| 695 | |a önfejlesztés | ||
| 695 | |a vállalkozói képzés | ||
| 695 | |a vállalkozói kompetenciák | ||
| 700 | 1 | |a Benkei-Kovács Dr. Balázs |e ths | |
| 856 | 4 | 0 | |u http://dolgozattar.uni-bge.hu/59643/1/VARGA_BENCE_SZAKDOLGOZAT%20%28FO%CC%8B1%29%20%289%29.pdf |z Dokumentum-elérés |
| 856 | 4 | 0 | |u http://dolgozattar.uni-bge.hu/59643/2/BKB_Varga%20Bence_KSZ%20%C3%A9s%20MH%20b%C3%ADr%C3%A1lati%20lap%202025.pdf |z Dokumentum-elérés |
| 856 | 4 | 0 | |u http://dolgozattar.uni-bge.hu/59643/3/Varga%20Bence_opponens_biralat_TE.pdf |z Dokumentum-elérés |